Gaming in the 1990s - Statistics

General Stats
  • This quiz has been taken 110 times
  • The average score is 8 of 10
Answer Stats
Year Hint Answer % Correct
1994 Sony’s first video game console PlayStation
95%
1992 “Finish him!” Mortal Kombat
94%
1996 Capture, trade, and battle monsters in the Kanto region Pokémon
93%
1991 Super fast rodent and rival of Mario Sonic the Hedgehog
92%
1990 16-bit Nintendo console SNES
84%
1993 First-person shooter that can supposedly be played on any device Doom
77%
1995 The first of this annual event where developers show off upcoming games E3
67%
1999 Konami horror game shrouded in fog Silent Hill
66%
1997 Cloud Strife & co. rebel against Shinra's destruction of the planet Final Fantasy VII
57%
1998 Single highest rated video game of all time (according to Metacritic) Ocarina of Time
47%
No matching quizzes found
Score Distribution
Percent of People with Each Score
Percentile by Number Answered
Your Score History
You have not taken this quiz